[Event "2017 Alberta Open"]
[Site "?"]
[Date "2017.10.09"]
[Round "6"]
[White "Zhao, Ian"]
[Black "Briones, Dante"]
[Result "1-0"]
[WhiteElo "2015"]
[BlackElo "2017"]
[PlyCount "107"]
[SourceDate "2017.09.01"]

1. e4 e6 2. d3 Nc6 3. Nf3 d6 4. g3 Nf6 5. Bg2 e5 6. O-O Be7 7. Re1 Bg4 8. h3
Be6 9. c3 Qc8 10. Kh2 O-O 11. Nbd2 Ne8 12. d4 Bd7 13. dxe5 dxe5 14. Nc4 f6 15.
Qc2 Be6 16. Ne3 a6 17. Bd2 Bc5 18. Rad1 b5 19. Bc1 Nd6 20. Nh4 g6 21. f4 Bd7
22. Rf1 Ne7 23. fxe5 fxe5 24. Nd5 Nxd5 25. Rxf8+ Qxf8 26. Rxd5 Bb6 27. Rxe5 Nc4
28. Rd5 Bc6 29. Rd1 Qe7 30. Re1 Re8 31. Qe2 Bd7 32. Nf3 Bc6 33. Nd4 Bb7 34. Qg4
Ne5 35. Qe2 c5 36. Nf3 Nd7 37. Nd2 Bc7 38. Nf1 Rf8 39. Bh6 Rf7 40. Qe3 Ne5 41.
Nd2 c4 42. Nf3 Nd3 43. Re2 Qd8 44. Nd4 Qe8 45. Bg5 Bc8 46. Nf3 Qe6 47. Nd4 Qd7
48. Nf3 Rf8 49. e5 Qe6 50. Bh6 Re8 51. Ng5 Qd7 52. e6 Qd6 53. Qf3 Qe7 54. Qf7+
1-0

[Event "2017 Alberta Open"]
[Site "?"]
[Date "2017.10.09"]
[Round "6"]
[White "Chao, Lucy"]
[Black "Zeggelaar, Mike"]
[Result "0-1"]
[WhiteElo "1634"]
[BlackElo "1938"]
[PlyCount "180"]
[SourceDate "2017.09.01"]

1. d4 Nf6 2. Bf4 g6 3. Nc3 d5 4. Nf3 Bg7 5. Qd2 O-O 6. Bh6 c6 7. Bxg7 Kxg7 8.
e3 Qb6 9. Na4 Qc7 10. Bd3 Nbd7 11. b3 c5 12. dxc5 e5 13. Be2 Ne4 14. Qb4 Ndxc5
15. Nxc5 Nxc5 16. O-O f6 17. c4 dxc4 18. Bxc4 Be6 19. Rac1 Bxc4 20. Rxc4 b6 21.
Qc3 Qf7 22. Rc1 Rad8 23. b4 Ne6 24. g4 Kg8 25. Qb2 Qd7 26. Qb3 Kh8 27. h3 Qd5
28. Nh4 Ng5 29. Kh2 Nf3+ 30. Nxf3 Qxf3 31. Qb2 Rd3 32. Rc8 Rxc8 33. Rxc8+ Kg7
34. Rc7+ Kh6 35. Rc1 Qd5 36. Qc2 Rd2 37. Qc6 Rxf2+ 38. Kg1 Qd2 39. Rf1 Rxf1+
40. Kxf1 Qxe3 41. Qxf6 Qf4+ 42. Qxf4+ exf4 43. Kf2 g5 44. Kf3 Kg6 45. h4 h6 46.
h5+ Kf6 47. Ke4 b5 48. a3 Ke6 49. Kd4 Kd6 50. Ke4 Kc6 51. Kd4 f3 52. Ke3 Kd5
53. Kxf3 Kd4 54. Kf2 Ke4 55. Kg3 Ke3 56. Kg2 Kf4 57. Kh3 Kf3 58. Kh2 Kxg4 59.
Kg2 Kxh5 60. Kh3 g4+ 61. Kg3 Kg5 62. Kg2 h5 63. Kg3 h4+ 64. Kg2 Kf4 65. Kf2 h3
66. a4 g3+ 67. Kg1 bxa4 68. b5 a3 69. b6 a2 70. Kf1 Kf3 71. Ke1 a1=Q+ 72. Kd2
axb6 73. Kd3 g2 74. Kc4 g1=B 75. Kd5 h2 76. Ke6 b5 77. Kd5 b4 78. Kc4 Qc3+ 79.
Kd5 b3 80. Ke6 b2 81. Kd5 b1=B 82. Ke6 h1=B 83. Kd5 Kf4+ 84. Ke6 Ba2+ 85. Kd6
Bc5+ 86. Kd7 Kf5 87. Kc7 Be6 88. Kd8 Bb6+ 89. Ke7 Qc5+ 90. Ke8 Bc6# 0-1

[Event "2017 Alberta Open"]
[Site "?"]
[Date "2017.10.09"]
[Round "6"]
[White "Guevarra, Alvin"]
[Black "McKay, Arnold"]
[Result "1-0"]
[WhiteElo "1942"]
[BlackElo "1826"]
[PlyCount "71"]
[SourceDate "2017.09.01"]

1. d4 Nf6 2. Bf4 e6 3. e3 b6 4. Nd2 Bb7 5. Ngf3 d6 6. Bd3 Nbd7 7. e4 Be7 8. c3
c5 9. Qe2 d5 10. e5 Nh5 11. Be3 g6 12. g4 Ng7 13. Bh6 Rg8 14. dxc5 bxc5 15. Qe3
c4 16. Bc2 Qb6 17. Nd4 O-O-O 18. Bxg7 Rxg7 19. b3 Qc5 20. Rb1 Nb6 21. g5 Rdg8
22. Rg1 Bf8 23. Rg4 h6 24. bxc4 Nxc4 25. Nxc4 dxc4 26. Be4 Bd5 27. Rb5 Qc7 28.
Bxd5 exd5 29. Rxd5 Bc5 30. Qe4 hxg5 31. Nb5 Qb6 32. Qxc4 f5 33. Rxc5+ Kb8 34.
Rd4 Re8 35. Nd6 Qb1+ 36. Rd1 1-0

[Event "2017 Alberta Open"]
[Site "?"]
[Date "2017.10.09"]
[Round "6"]
[White "Timmerman, Brian"]
[Black "Haessel, Dale"]
[Result "0-1"]
[WhiteElo "2037"]
[BlackElo "2322"]
[PlyCount "90"]
[SourceDate "2017.09.01"]

1. e4 e5 2. Nf3 Nc6 3. Bb5 Nf6 4. O-O Nxe4 5. Re1 Nd6 6. Nxe5 Be7 7. Bf1 Nxe5
8. Rxe5 O-O 9. d4 Ne8 10. Re1 d5 11. Bf4 Bf5 12. Nd2 Bd6 13. Bxd6 Nxd6 14. c3
Qd7 15. Nf3 f6 16. Bd3 Rfe8 17. Qc2 g5 18. Nd2 a5 19. a4 Kf7 20. b3 h5 21. Nf1
Bxd3 22. Qxd3 Qf5 23. Qxf5 Nxf5 24. f3 Rxe1 25. Rxe1 Ra6 26. Ng3 Ng7 27. Kf2
Rc6 28. Rc1 Ne6 29. Ne2 Rb6 30. Rb1 f5 31. g3 f4 32. gxf4 gxf4 33. Rb2 Kf6 34.
b4 Kf5 35. b5 c6 36. Nc1 cxb5 37. Rxb5 Rxb5 38. axb5 b6 39. Nd3 Nc7 40. Nb2
Nxb5 41. Na4 Ke6 42. Ke2 Kd6 43. Nxb6 Nxc3+ 44. Kd3 Kc7 45. Na8+ Kb7 0-1

[Event "2017 Alberta Open"]
[Site "?"]
[Date "2017.10.09"]
[Round "6"]
[White "Sharma, Vishruth"]
[Black "Offengenden, Ron"]
[Result "0-1"]
[WhiteElo "1660"]
[BlackElo "1631"]
[PlyCount "86"]
[SourceDate "2017.09.01"]

1. e4 e5 2. Nf3 Nc6 3. d4 exd4 4. Nxd4 Bc5 5. Be3 Bb6 6. Bc4 Nge7 7. O-O O-O 8.
c3 d5 9. exd5 Nxd5 10. Nxc6 bxc6 11. Qf3 Bb7 12. Rd1 Bxe3 13. fxe3 Qg5 14. Re1
Rae8 15. e4 Nf6 16. Re2 Qc5+ 17. Kh1 Qxc4 18. Nd2 Qb5 19. c4 Qh5 20. Qf1 c5 21.
Rae1 Re7 22. Qf4 Qg4 23. Qxg4 Nxg4 24. Nb3 Re5 25. Kg1 Nf6 26. Nd2 Rfe8 27. b3
Nxe4 28. Re3 f6 29. Nf3 R5e6 30. Nd2 Kf7 31. Nxe4 Rxe4 32. Rxe4 Rxe4 33. Rd1
Rd4 34. Re1 Rd2 35. a3 Rxg2+ 36. Kf1 Rxh2 37. Re3 Ra2 38. b4 cxb4 39. axb4 Rc2
40. c5 Rc4 41. Rb3 Bd5 42. Rb2 Rh4 43. Rf2 Rxb4 0-1

[Event "2017 Alberta Open"]
[Site "?"]
[Date "2017.10.09"]
[Round "6"]
[White "Srinivasan, Hemant"]
[Black "Karmali, Hafiz"]
[Result "0-1"]
[WhiteElo "1085"]
[BlackElo "1985"]
[PlyCount "94"]
[SourceDate "2017.09.01"]

1. d4 e6 2. e4 d5 3. Nc3 Nf6 4. Bg5 Be7 5. Bxf6 Bxf6 6. e5 Be7 7. Nf3 c5 8. Be2
Nc6 9. dxc5 Bxc5 10. O-O O-O 11. Re1 Bd7 12. Nb5 Qb6 13. Rf1 Nxe5 14. Nxe5 Bxb5
15. Bxb5 Qxb5 16. Re1 Rac8 17. a4 Qe8 18. c3 Bd6 19. Qd4 a6 20. b4 Bxe5 21.
Qxe5 Rc4 22. Re3 Qb8 23. Qh5 Qc7 24. Rh3 h6 25. Rg3 Rxc3 26. Rd1 Rxg3 27. hxg3
Qc4 28. Qe5 Qc2 29. Rd4 Qxa4 30. Kh2 Qd7 31. Rg4 f6 32. Qh5 e5 33. Rg6 Qf7 34.
Qxh6 d4 35. Rg4 f5 36. Rg5 d3 37. Qh3 d2 38. Rh5 Qg6 39. Rh8+ Kf7 40. Rxf8+
Kxf8 41. Qh8+ Ke7 42. Qh4+ Ke6 43. Qc4+ Kf6 44. Qd5 Qh5+ 45. Kg1 d1=Q+ 46. Qxd1
Qxd1+ 47. Kh2 Qb3 0-1

[Event "2017 Alberta Open"]
[Site "?"]
[Date "2017.10.09"]
[Round "6"]
[White "Yao, David"]
[Black "Robertson, Trevor"]
[Result "1-0"]
[WhiteElo "1787"]
[BlackElo "1631"]
[PlyCount "103"]
[SourceDate "2017.09.01"]

1. Nf3 d5 2. d3 c5 3. Nbd2 Nc6 4. g3 Nf6 5. Bg2 Bf5 6. O-O e6 7. Re1 Be7 8. e4
dxe4 9. dxe4 Bg4 10. c3 O-O 11. Qc2 e5 12. Nc4 Bxf3 13. Bxf3 Nd7 14. Ne3 Bg5
15. Nf5 Bxc1 16. Raxc1 Qf6 17. Rcd1 Qd8 18. Bg4 Qg5 19. f3 Nf6 20. h4 Qg6 21.
Rd6 Rad8 22. Rxc6 Kh8 23. Rxc5 Nxg4 24. fxg4 Qb6 25. Qf2 Rd2 26. Qxd2 Qxc5+ 27.
Kh1 g6 28. Qd6 Qxd6 29. Nxd6 Kg7 30. Re2 b6 31. Nc4 Kf6 32. g5+ Ke6 33. Kg2 f5
34. exf5+ gxf5 35. Rxe5+ Kd7 36. Kf3 Rc8 37. Ne3 f4 38. gxf4 Rc6 39. f5 a6 40.
f6 h6 41. f7 Rc8 42. Re8 Rxe8 43. fxe8=Q+ Kxe8 44. Kf4 hxg5+ 45. hxg5 Kf7 46.
Kf5 b5 47. Nd5 a5 48. Nf4 Kg7 49. g6 a4 50. Nh5+ Kf8 51. Kf6 Kg8 52. g7 1-0

[Event "2017 Alberta Open"]
[Site "?"]
[Date "2017.10.09"]
[Round "6"]
[White "Ratte, Cameron"]
[Black "Mo, Michelle"]
[Result "1-0"]
[WhiteElo "1666"]
[BlackElo "1520"]
[PlyCount "101"]
[SourceDate "2017.09.01"]

1. e4 c5 2. Nf3 d6 3. d4 cxd4 4. Nxd4 Nf6 5. Nc3 a6 6. Bc4 e6 7. Bb3 b5 8. O-O
Be7 9. Qf3 Bb7 10. Bxe6 fxe6 11. Nxe6 Qd7 12. Nxg7+ Kd8 13. Nf5 Qe6 14. Nxe7
Kxe7 15. Bg5 Kd7 16. Qxf6 Qxf6 17. Bxf6 Re8 18. Rfe1 Kc7 19. Rad1 Nd7 20. Bd4
Re7 21. Re3 Rae8 22. Rde1 Nb6 23. Bxb6+ Kxb6 24. Nd5+ Bxd5 25. exd5 Re5 26.
Rxe5 Rxe5 27. Rxe5 dxe5 28. Kf1 Kc5 29. Ke2 Kxd5 30. Kd3 e4+ 31. Ke3 a5 32. c3
h6 33. g4 a4 34. h4 Ke5 35. f4+ exf3 36. Kxf3 Ke6 37. Ke4 Kf6 38. b3 axb3 39.
axb3 Ke6 40. c4 b4 41. g5 hxg5 42. hxg5 Kd6 43. Kf5 Kc5 44. Ke5 Kc6 45. g6 Kb6
46. g7 Kc5 47. g8=Q Kb6 48. Kd6 Kb7 49. Qd8 Ka6 50. Qb8 Ka5 51. Qb5# 1-0

[Event "2018 Schleinich Memorial"]
[Site "?"]
[Date "2018.01.06"]
[Round "2"]
[White "Findlay, Ian"]
[Black "Nguyen, Kim"]
[Result "1-0"]
[WhiteElo "2265"]
[BlackElo "2139"]
[PlyCount "41"]
[SourceDate "2017.09.01"]

1. e4 g6 2. d4 Bg7 3. Nc3 c6 4. Bc4 d5 5. exd5 cxd5 6. Bxd5 e6 7. Bb3 Bxd4 8.
Nge2 Bb6 9. Qxd8+ Bxd8 10. Nb5 Bd7 11. Nd6+ Ke7 12. Bf4 Bc6 13. O-O Na6 14. Nd4
Bc7 15. Nxc6+ bxc6 16. Rad1 Rd8 17. Nxf7 Rxd1 18. Rxd1 Bxf4 19. Nxh8 Be5 20.
Re1 Bxh8 21. Bxe6 1-0

[Event "2018 Schleinich Memorial"]
[Site "?"]
[Date "2018.01.05"]
[Round "1"]
[White "Haessel, Dale"]
[Black "Findlay, Ian"]
[Result "0-1"]
[WhiteElo "2309"]
[BlackElo "2265"]
[PlyCount "54"]
[SourceDate "2017.09.01"]

1. d4 Nf6 2. c4 c5 3. d5 e6 4. Nc3 exd5 5. cxd5 d6 6. Nf3 g6 7. Nd2 Bg7 8. Nc4
O-O 9. Bg5 h6 10. Bf4 Nbd7 11. Qd2 Nb6 12. Nxd6 g5 13. Bg3 Nh5 14. Nxc8 Rxc8
15. e3 Bxc3 16. Qxc3 Nxd5 17. Qa3 Nb4 18. Rc1 Qd5 19. Bc4 Qxg2 20. Ke2 g4 21.
Rhg1 Nxg3+ 22. hxg3 Qf3+ 23. Ke1 Rfd8 24. Qb3 Rd2 25. Bxf7+ Kf8 26. Kxd2 Qxf2+
27. Kc3 Qxe3+ 0-1

[Event "2018 Schleinich Memorial"]
[Site "?"]
[Date "2018.01.06"]
[Round "2"]
[White "Daniluk, Jim"]
[Black "Blanchard, Michael"]
[Result "1-0"]
[WhiteElo "1965"]
[BlackElo "1937"]
[PlyCount "35"]
[SourceDate "2017.09.01"]

1. d4 Nf6 2. Bf4 d5 3. e3 e6 4. c3 Nbd7 5. Bd3 c5 6. Nf3 Qb6 7. Qc2 c4 8. Be2
Ne4 9. Nbd2 Ndf6 10. Rb1 Qa5 11. O-O b5 12. Nxe4 Nxe4 13. Ne5 f6 14. Bh5+ g6
15. Nxg6 hxg6 16. Bxg6+ Kd7 17. Bxe4 Qxa2 18. Bxd5 1-0

[Event "2018 Schleinich Memorial"]
[Site "?"]
[Date "2018.01.07"]
[Round "4"]
[White "Daniluk, Jim"]
[Black "Husain, Ali"]
[Result "1-0"]
[WhiteElo "1965"]
[BlackElo "1715"]
[PlyCount "43"]
[SourceDate "2017.09.01"]

1. d4 d5 2. Bf4 Nf6 3. e3 Bf5 4. c3 c6 5. Nd2 e6 6. Qb3 Qc8 7. h3 h6 8. Rc1 Be7
9. c4 O-O 10. g4 Bh7 11. Bg2 Re8 12. Ne2 Qd7 13. Nf3 dxc4 14. Rxc4 Nd5 15. Ne5
Qc7 16. Nxc6 Nxf4 17. Nxe7+ Qxe7 18. Nxf4 Nc6 19. Qc3 e5 20. dxe5 Qxe5 21. Rxc6
Qb5 22. Nh5 1-0

[Event "2018 Schleinich Memorial"]
[Site "?"]
[Date "2018.01.07"]
[Round "5"]
[White "Chen, Andrew"]
[Black "Rogers, Dustin"]
[Result "1-0"]
[WhiteElo "1829"]
[BlackElo "1853"]
[PlyCount "74"]
[SourceDate "2017.09.01"]

1. d4 Nf6 2. Nf3 e6 3. Bf4 c5 4. e3 Nc6 5. Nbd2 cxd4 6. exd4 d5 7. c3 Be7 8. h3
O-O 9. Bd3 Re8 10. O-O h6 11. Re1 Bf8 12. Ne5 a6 13. a4 Bd7 14. Ndf3 Rc8 15. g4
Nxe5 16. Nxe5 Ne4 17. Bxe4 dxe4 18. Rxe4 Bc6 19. Nxc6 Rxc6 20. Qd2 f5 21. Re3
Qh4 22. Kg2 fxg4 23. hxg4 Qxg4+ 24. Rg3 Qf5 25. Bxh6 e5 26. Be3 e4 27. Bf4 Qd5
28. Kg1 Rf6 29. b4 Ree6 30. Qe3 Qf5 31. Be5 Rh6 32. Rc1 Rh4 33. Kf1 Qh5 34. Ke1
g6 35. Bf4 Qd5 36. Rh3 Rg4 37. Rh1 Rxf4 1-0

[Event "2018 Schleinich Memorial"]
[Site "?"]
[Date "2018.01.06"]
[Round "2"]
[White "Manoj, Prerana"]
[Black "Stacey, George"]
[Result "0-1"]
[WhiteElo "886"]
[BlackElo "1130"]
[PlyCount "42"]
[SourceDate "2017.09.01"]

1. e4 e5 2. Nf3 d6 3. Bc4 Be7 4. d3 Nf6 5. h3 O-O 6. Nc3 Nbd7 7. Be3 c6 8. d4
Nxe4 9. Nxe4 d5 10. Bd3 dxe4 11. Bxe4 Nf6 12. Bd3 e4 13. Bxe4 Nxe4 14. Qd3 Nf6
15. O-O-O Re8 16. h4 Bg4 17. Bf4 Bd6 18. Bh2 Ne4 19. Rde1 Bxh2 20. Nxh2 Bc8 21.
f3 Ng3 0-1

[Event "2018 Schleinich Memorial"]
[Site "?"]
[Date "2018.01.06"]
[Round "2"]
[White "Srinivasan, Hemant"]
[Black "Sklenka, Stefan"]
[Result "0-1"]
[WhiteElo "1515"]
[BlackElo "1627"]
[PlyCount "60"]
[SourceDate "2017.09.01"]

1. d4 Nf6 2. c4 e6 3. Nc3 d5 4. Nf3 g6 5. Bg5 Bg7 6. e4 dxe4 7. Nxe4 O-O 8.
Nxf6+ Bxf6 9. Bxf6 Qxf6 10. Be2 b6 11. Qd2 Bb7 12. b4 Nc6 13. O-O Rad8 14. Rfd1
Rfe8 15. c5 Nxd4 16. Nxd4 e5 17. Qb2 exd4 18. Rd3 Be4 19. Rd2 Qg5 20. Bf1 bxc5
21. bxc5 Qxc5 22. Rc1 Qb6 23. Qa3 Rb8 24. Rcd1 c5 25. Bc4 Qb4 26. Qb3 Qxb3 27.
axb3 Red8 28. Re1 Bd5 29. Re7 Bxc4 30. bxc4 Rb1+ 0-1

[Event "2018 Schleinich Memorial"]
[Site "?"]
[Date "2018.01.06"]
[Round "3"]
[White "Vasic, Maxim"]
[Black "Xu, Andrew"]
[Result "0-1"]
[WhiteElo "1526"]
[BlackElo "1399"]
[PlyCount "38"]
[SourceDate "2017.09.01"]

1. d4 e6 2. c4 b6 3. Nc3 Bb7 4. e4 Bb4 5. Qc2 Qh4 6. Bd3 f5 7. g3 Qh5 8. Be2
Qf7 9. Bf3 Nc6 10. Nge2 fxe4 11. Bxe4 Nf6 12. Bg2 Nxd4 13. Nxd4 Bxg2 14. Rg1
Bb7 15. Bf4 O-O 16. O-O-O d6 17. Be3 e5 18. Nf5 Bxc3 19. bxc3 Be4 0-1

[Event "2018 Schleinich Memorial"]
[Site "?"]
[Date "2018.01.06"]
[Round "3"]
[White "Haessel, Dale"]
[Black "Malek, Omid"]
[Result "0-1"]
[WhiteElo "2309"]
[BlackElo "2207"]
[PlyCount "42"]
[SourceDate "2017.09.01"]

1. d4 Nf6 2. c4 e6 3. Nc3 Bb4 4. e3 b6 5. Bd3 Bb7 6. Nf3 Ne4 7. O-O Bxc3 8.
bxc3 O-O 9. Ne1 f5 10. f3 Nf6 11. c5 Rf7 12. Ba3 Nc6 13. Nc2 Ne7 14. Qe2 Nh5
15. g4 Nf6 16. gxf5 Nxf5 17. c4 Nh5 18. Rf2 Qh4 19. Rg2 Qh3 20. Be4 Bxe4 21.
fxe4 Nh4 0-1

[Event "2018 Schleinich Memorial"]
[Site "?"]
[Date "2018.01.07"]
[Round "4"]
[White "Chandra, Anand Rishi"]
[Black "Usselman, Paul"]
[Result "0-1"]
[WhiteElo "1803"]
[BlackElo "1725"]
[PlyCount "44"]
[SourceDate "2017.09.01"]

1. e4 c5 2. Nf3 a6 3. d4 cxd4 4. Nxd4 Nf6 5. Nc3 e5 6. Nf5 d5 7. Ng3 Bb4 8. Bd2
Nc6 9. Bd3 d4 10. Nce2 h5 11. Nc1 h4 12. Nge2 h3 13. Rg1 Ng4 14. c3 dxc3 15.
Bxc3 Qf6 16. f3 Ne3 17. Qd2 Bxc3 18. Nxc3 Nxg2+ 19. Rxg2 hxg2 20. Qxg2 Bh3 21.
Qg3 Be6 22. N1e2 Rh3 0-1

[Event "2018 Schleinich Memorial"]
[Site "?"]
[Date "2018.01.07"]
[Round "4"]
[White "Vasic, Maxim"]
[Black "Pagalan, Joel"]
[Result "1-0"]
[WhiteElo "1526"]
[BlackElo "1502"]
[PlyCount "35"]
[SourceDate "2017.09.01"]

1. d4 e6 2. c4 c5 3. d5 exd5 4. cxd5 d6 5. e4 Nf6 6. Nc3 Nbd7 7. f4 Be7 8. Nf3
O-O 9. e5 Ne8 10. h4 Nb6 11. Bd3 Bg4 12. Bxh7+ Kh8 13. Qc2 Bxf3 14. gxf3 Bxh4+
15. Kf1 Qe7 16. Ne4 Nxd5 17. Ng5 Bxg5 18. Bg8+ 1-0

[Event "2018 Schleinich Memorial"]
[Site "?"]
[Date "2018.01.07"]
[Round "5"]
[White "Bryuzgin, Maxim"]
[Black "Manoj, Prerana"]
[Result "1-0"]
[WhiteElo "966"]
[BlackElo "886"]
[PlyCount "35"]
[SourceDate "2017.09.01"]

1. e4 e5 2. Nf3 Nc6 3. Bc4 Bc5 4. Nc3 d6 5. d3 Bg4 6. h3 Bh5 7. Be3 Bb6 8. O-O
Qf6 9. Bg5 Qg6 10. g4 h6 11. gxh5 Qh7 12. Bh4 Nf6 13. Nd5 O-O-O 14. Kh2 Rdg8
15. Bxf6 gxf6 16. Nxf6 Qg7 17. Nxg8 Rxg8 18. Rg1 1-0

[Event "2018 Schleinich Memorial"]
[Site "?"]
[Date "2018.01.07"]
[Round "5"]
[White "Usselman, Paul"]
[Black "Srinivasan, Hemant"]
[Result "1-0"]
[WhiteElo "1782"]
[BlackElo "1576"]
[PlyCount "49"]
[SourceDate "2017.09.01"]

1. Nf3 Nf6 2. e3 Nc6 3. d4 d5 4. c4 e6 5. Nc3 Bb4 6. cxd5 exd5 7. Bb5 Ne4 8.
Qb3 Bxc3+ 9. bxc3 O-O 10. O-O Bg4 11. Bxc6 bxc6 12. Ne5 Rb8 13. Qa3 Qg5 14.
Nxg4 Qxg4 15. f3 Qh4 16. fxe4 Qxe4 17. Qxa7 Qe7 18. Qa3 Qh4 19. Bd2 Rfe8 20.
Qc5 Re6 21. Rf4 Qh5 22. Qa7 Rbe8 23. Qxc7 Rh6 24. Rf3 Qxh2+ 25. Qxh2 1-0

[Event "2018 Schleinich Memorial"]
[Site "?"]
[Date "2018.01.06"]
[Round "2"]
[White "Milne, Arthur"]
[Black "Usselman, Paul"]
[Result "0-1"]
[WhiteElo "1760"]
[BlackElo "1725"]
[PlyCount "54"]
[SourceDate "2017.09.01"]

1. f4 Nf6 2. Nf3 d5 3. g3 c5 4. Bg2 Nc6 5. O-O h5 6. h3 Ne4 7. Qe1 Nd4 8. Na3
Nf5 9. Ne5 Nexg3 10. Rf3 h4 11. c3 Qb6 12. Kh2 Nd6 13. d3 Bf5 14. c4 e6 15. Rf2
d4 16. Nb1 Be7 17. Nd2 Bh7 18. Nf1 Ngf5 19. a3 Qb3 20. Nd2 Qb6 21. Ne4 f6 22.
Nf3 O-O-O 23. Rb1 Qb3 24. Nxd6+ Bxd6 25. e4 dxe3 26. Bxe3 Qxd3 27. Bd2 Qxc4 0-1

[Event "2018 Schleinich Memorial"]
[Site "?"]
[Date "2018.01.07"]
[Round "4"]
[White "Ng, Gary"]
[Black "Kobalenko, Jerry"]
[Result "0-1"]
[WhiteElo "2389"]
[BlackElo "2129"]
[PlyCount "44"]
[SourceDate "2017.09.01"]

1. d4 c5 2. d5 e5 3. e4 d6 4. Bb5+ Nd7 5. c4 a6 6. Ba4 Be7 7. Nc3 Bg5 8. Qg4
Bxc1 9. Rxc1 Kf8 10. Qg3 Ndf6 11. Nge2 h5 12. O-O Rh6 13. f4 h4 14. Qd3 exf4
15. Nxf4 Ng4 16. h3 Ne5 17. Qe2 Qg5 18. Kh1 Nf6 19. Rce1 Kg8 20. Rf2 Qg3 21.
Qe3 g5 22. Rf3 Nxf3 0-1

[Event "2018 Schleinich Memorial"]
[Site "?"]
[Date "2018.01.07"]
[Round "5"]
[White "Kobalenko, Jerry"]
[Black "Haessel, Dale"]
[Result "0-1"]
[WhiteElo "2129"]
[BlackElo "2309"]
[PlyCount "51"]
[SourceDate "2017.09.01"]

1. c4 c5 2. Nc3 Nc6 3. g3 g6 4. Bg2 Bg7 5. a3 e6 6. Rb1 a5 7. e3 Nge7 8. Nge2
O-O 9. d4 cxd4 10. exd4 d5 11. c5 Nf5 12. Nb5 b6 13. Bf4 Ba6 14. Qa4 Qd7 15. b3
Ne5 16. Nbc3 b5 17. Qxa5 Nd3+ 18. Kd2 Nxf4 19. Nxf4 Nxd4 20. Nd3 Nc6 21. Qb6
Rfb8 22. b4 Rxb6 23. cxb6 Qb7 24. Nc5 Qxb6 25. Ne2 Ne5 26. Rb3 0-1

[Event "2018 Schleinich Memorial"]
[Site "?"]
[Date "2018.01.06"]
[Round "3"]
[White "Nguyen, Kim"]
[Black "Ng, Gary"]
[Result "0-1"]
[WhiteElo "2139"]
[BlackElo "2389"]
[PlyCount "168"]
[SourceDate "2017.09.01"]

1. e4 c5 2. Nf3 d6 3. d4 cxd4 4. Nxd4 Nf6 5. Nc3 a6 6. g3 e5 7. Nde2 Be7 8. Bg2
O-O 9. O-O Be6 10. Be3 Qd7 11. a4 Bh3 12. Qd2 Bxg2 13. Kxg2 Qc6 14. f3 Rd8 15.
Rfd1 Nbd7 16. a5 Rac8 17. Qd3 Nc5 18. Nd5 Nxd5 19. Qxd5 Qxd5 20. Rxd5 Ne6 21.
Rd2 Rc6 22. c3 g6 23. Nc1 f5 24. exf5 gxf5 25. Nd3 Kf7 26. Rad1 Rg8 27. f4 e4
28. Nb4 Rcc8 29. Nd5 Rc6 30. Bb6 h5 31. Kf2 h4 32. Ne3 Ng7 33. Rd5 Ke6 34. Bd4
hxg3+ 35. hxg3 Nh5 36. Nxf5 Nxg3 37. Nxe7 Kxe7 38. Rg1 Ke6 39. Rg5 Rxg5 40.
fxg5 Nf5 41. Bb6 Rc8 42. Rg4 d5 43. Ke2 Kf7 44. Kd2 Kg6 45. b3 Kh5 46. Rg2 Nh4
47. Re2 Nf3+ 48. Kc2 Kxg5 49. Rg2+ Kf6 50. Rg4 Re8 51. Rf4+ Kg6 52. Rg4+ Kf5
53. Rg7 e3 54. Kd3 e2 55. Bf2 e1=Q 56. Bxe1 Nxe1+ 57. Kd4 Rd8 58. Rf7+ Ke6 59.
Rxb7 Nf3+ 60. Kc5 Rc8+ 61. Kb6 Rxc3 62. Kxa6 d4 63. Rb8 Kd7 64. Rb7+ Kd8 65.
Rb5 Kc7 66. b4 d3 67. Rd5 Rc6+ 68. Ka7 Rd6 69. Rc5+ Kd7 70. Rc1 Nd4 71. Rd1
Nc6+ 72. Kb6 Nxb4+ 73. Kc5 Nc6 74. a6 d2 75. Kc4 Ne5+ 76. Kc3 Nf3 77. a7 Ra6
78. Kd3 Rxa7 79. Ke2 Ra3 80. Rb1 Rc3 81. Kd1 Kc6 82. Ra1 Kb5 83. Rb1+ Kc4 84.
Ra1 Kb3 0-1

[Event "2018 Schleinich Memorial"]
[Site "?"]
[Date "2018.01.07"]
[Round "4"]
[White "Malek, Omid"]
[Black "Findlay, Ian"]
[Result "0-1"]
[WhiteElo "2207"]
[BlackElo "2265"]
[PlyCount "98"]
[SourceDate "2017.09.01"]

1. Nf3 Nf6 2. b3 g6 3. Bb2 Bg7 4. e3 b6 5. d4 Bb7 6. Nbd2 d6 7. Bd3 Nbd7 8. Qe2
e5 9. dxe5 Ng4 10. Bb5 O-O 11. Bxd7 Qxd7 12. O-O-O Nxe5 13. Nxe5 dxe5 14. e4 a5
15. Kb1 a4 16. h4 axb3 17. cxb3 Ba6 18. Nc4 Qe6 19. Rc1 Rfd8 20. h5 Rd7 21. h6
Bf6 22. Rcd1 Rad8 23. Rxd7 Rxd7 24. g3 Bg5 25. Bc1 Be7 26. Bb2 f6 27. f4 exf4
28. gxf4 Bb7 29. Re1 Bb4 30. f5 Qe7 31. e5 b5 32. Ba3 Bxa3 33. Nxa3 Qxe5 34.
Qxe5 fxe5 35. fxg6 hxg6 36. Rxe5 c6 37. Nc2 Kh7 38. Ne3 Kxh6 39. Ng4+ Kg7 40.
Kc2 Kf7 41. Re1 Rd4 42. Ne5+ Kf6 43. Nd3 Bc8 44. Kc3 Rh4 45. Nc5 b4+ 46. Kd2
Bf5 47. Ke3 Ke5 48. Kf3+ Kd4 49. Rc1 Rh3+ 0-1

[Event "2018 Schleinich Memorial"]
[Site "?"]
[Date "2018.01.07"]
[Round "5"]
[White "Nguyen, Kim"]
[Black "Malek, Omid"]
[Result "1-0"]
[WhiteElo "2139"]
[BlackElo "2207"]
[PlyCount "167"]
[SourceDate "2017.09.01"]

1. e4 e6 2. d4 d5 3. Nd2 Nc6 4. Ngf3 Nf6 5. e5 Nd7 6. Bb5 a6 7. Bxc6 bxc6 8. c3
a5 9. O-O Be7 10. Re1 Ba6 11. Nb3 Bc4 12. Be3 Qb8 13. Qc2 Bxb3 14. axb3 Qb6 15.
b4 O-O 16. bxa5 Rxa5 17. Rxa5 Qxa5 18. Bg5 Bd8 19. h4 Re8 20. b4 Qa8 21. Bf4
Nf8 22. h5 h6 23. Qb2 Be7 24. Ra1 Qb7 25. Qa2 Qb5 26. Qa6 Rb8 27. Ra5 Qb6 28.
Nd2 Nd7 29. Nb3 Qxa6 30. Rxa6 Rb6 31. Ra7 Bd8 32. Na5 Nb8 33. Nb7 Be7 34. Nc5
Bd8 35. Ra8 Kh7 36. g4 Be7 37. Ra7 Bd8 38. Kg2 Kg8 39. Ra1 Kh7 40. Kh3 Be7 41.
Ra7 Bd8 42. Bg3 g5 43. hxg6+ Kxg6 44. Bh4 Bg5 45. Bxg5 hxg5 46. Rxc7 Na6 47.
Ra7 Nxc5 48. dxc5 Rb8 49. Rd7 Ra8 50. Rd6 Rc8 51. Kg3 Kg7 52. Kf3 Kf8 53. Ke3
Ke7 54. f3 Rc7 55. Kd4 f6 56. exf6+ Kxf6 57. c4 dxc4 58. Kxc4 Ke5 59. Rd4 Rb7
60. Re4+ Kf6 61. Re3 Rb8 62. Rb3 Rb5 63. Ra3 Rb8 64. Ra7 Ke5 65. Rf7 Rd8 66.
Rg7 Rd4+ 67. Kb3 Rf4 68. Rxg5+ Kf6 69. Rg8 Rxf3+ 70. Kb2 Ke5 71. Rd8 Rf7 72.
Rd6 Rc7 73. Kb3 Rc8 74. Kc4 Rc7 75. g5 Kf5 76. g6 e5 77. g7 Rxg7 78. Rxc6 e4
79. Rh6 Rg1 80. b5 Ke5 81. Rh5+ Kf4 82. Rh8 Rd1 83. b6 e3 84. b7 1-0

[Event "2018 Schleinich Memorial"]
[Site "?"]
[Date "2018.01.06"]
[Round "3"]
[White "Kobalenko, Jerry"]
[Black "Findlay, Ian"]
[Result "0-1"]
[WhiteElo "2129"]
[BlackElo "2265"]
[PlyCount "128"]
[SourceDate "2017.09.01"]

1. c4 Nf6 2. g3 e6 3. Bg2 Be7 4. b3 d5 5. Nf3 O-O 6. O-O c5 7. cxd5 Nxd5 8. d4
Nc6 9. Bb2 b6 10. dxc5 Bxc5 11. Nbd2 Ba6 12. a3 Be7 13. Rc1 Rc8 14. Nc4 Bf6 15.
Bxf6 Qxf6 16. e4 Nc3 17. Qc2 Nb5 18. e5 Qe7 19. Rfd1 Rfd8 20. Nd6 Nxd6 21. exd6
Rxd6 22. Rxd6 Qxd6 23. Ng5 g6 24. Bxc6 Bb7 25. Qb2 Rxc6 26. Re1 Rc5 27. h4 h6
28. Nxe6 fxe6 29. Qf6 Rc7 30. Qxg6+ Rg7 31. Qxe6+ Qxe6 32. Rxe6 Rd7 33. Kh2 Rd2
34. Rf6 Kg7 35. Rf4 Bd5 36. b4 Rd3 37. g4 Rxa3 38. Rd4 Be6 39. Kg2 Kf6 40. f3
Rc3 41. Kf2 Rb3 42. Kg3 a5 43. bxa5 bxa5 44. Ra4 Rb5 45. Rf4+ Ke7 46. Re4 Kd6
47. g5 h5 48. g6 Re5 49. Rd4+ Ke7 50. Kf4 Rf5+ 51. Ke4 Rb5 52. Rd1 Bf5+ 53. Kf4
Bxg6 54. Rc1 Bf7 55. Rc7+ Kf6 56. Rc6+ Be6 57. Ra6 Rb4+ 58. Kg3 Ra4 59. Ra8 Ra1
60. Kf4 a4 61. Ra5 a3 62. Rxh5 a2 63. Rh6+ Ke7 64. Rh7+ Bf7 0-1